|
|
|
|
| LEADER |
01981nam a22004212a 4500 |
| 001 |
001686418 |
| 003 |
CZ BrMZK |
| 005 |
20210224110139.0 |
| 007 |
ta |
| 008 |
190604s1969 xr er|||||||||||cze d |
| 015 |
|
|
|a cnb000495871
|
| 035 |
|
|
|a (OCoLC)42132575
|
| 040 |
|
|
|a ABA001
|b cze
|c ULG001
|d ABA001
|
| 080 |
9 |
|
|a 616-071(075.8)
|
| 100 |
1 |
|
|a Štejfa, Miloš,
|d 1898-1971
|7 nlk19990074152
|4 aut
|
| 245 |
1 |
0 |
|a Základní klinické vyšetřovací metody :
|b určeno pro posl. fak. lék. /
|c Miloš Štejfa
|
| 250 |
|
|
|a 4., opr. vyd.
|
| 260 |
|
|
|a Praha :
|b Státní pedagogické nakladatelství,
|c 1969
|
| 300 |
|
|
|a 196 s. :
|b il. ;
|c 4°
|
| 490 |
1 |
|
|a Učební texty vysokých škol
|
| 500 |
|
|
|a 800 výt.
|
| 500 |
|
|
|a Dotisk 1971
|
| 500 |
|
|
|a Vyd. Univ. J.E. Purkyně v Brně
|
| 500 |
|
|
|a Dostupné též v digitální podobě v aplikaci Kramerius
|
| 710 |
2 |
|
|a Univerzita J.E. Purkyně v Brně
|7 kn20010709352
|
| 830 |
|
0 |
|a Učební texty vysokých škol (SPN)
|0 s
|
| 856 |
4 |
1 |
|u http://www.digitalniknihovna.cz/mzk/uuid/uuid:0c366470-86b3-11e9-852b-005056827e51
|y Digitalizovaný dokument
|x NDK
|
| 910 |
|
|
|a BOA001
|b 4-0302.171-69
|b 4-0302.171-71
|
| 990 |
|
|
|a BK
|
| 995 |
|
|
|a 01
|
| 991 |
|
|
|b 201905
|
| 996 |
7 |
|
|b 2618940091
|c 4-0302.171-71
|l MZK
|r Sklad / do 24 hodin
|n 0
|w 001727154
|u 000140
|a 1
|e BOA001
|j MZK50
|s A
|
| 996 |
7 |
|
|b 2618940093
|c 4-0302.171-71
|l MZK
|r Sklad / do 24 hodin
|n 0
|w 001727154
|u 000120
|a 1
|e BOA001
|j MZK50
|s A
|
| 996 |
7 |
|
|b 2618940094
|c 4-0302.171-71
|l MZK
|r Sklad / do 24 hodin
|n 0
|w 001727154
|u 000110
|a 1
|e BOA001
|j MZK50
|s A
|
| 996 |
7 |
|
|b 2618940095
|c 4-0302.171-71
|l MZK
|r Sklad / do 24 hodin
|n 0
|w 001727154
|u 000100
|a 1
|e BOA001
|j MZK50
|s A
|
| 996 |
7 |
|
|b 2618940096
|c 4-0302.171-69
|l MZK
|r Sklad / do 24 hodin
|n 0
|w 001727154
|u 000020
|a 1
|e BOA001
|j MZK50
|s A
|
| 996 |
6 |
|
|b 2618940097
|c 4-0302.171-69
|l MZK
|r Sklad / do 24 hodin
|n 0
|w 001727154
|u 000010
|a 1
|e BOA001
|j MZK50
|s P
|
| 996 |
7 |
|
|b ¨2618940092
|c 4-0302.171-71
|l MZK
|r Sklad / do 24 hodin
|n 0
|w 001727154
|u 000130
|a 1
|e BOA001
|j MZK50
|s A
|